[Event "Liga Madrileña - DH 2012-2013"]
[Site "Madrid ESP"]
[Date "2012.11.18"]
[Round "1.11"]
[White "Arribas Lopez, Angel"]
[Black "Adan Bermudez, Sergio"]
[Result "1-0"]
[WhiteElo "2477"]
[BlackElo "2285"]
[PlyCount "99"]
[EventDate "2012.11.18"]
[EventRounds "14"]
[EventCountry "ESP"]
[Source "lmi"]
[SourceDate "2012.11.18"]
[WhiteTeam "Virgen de Atocha"]
[BlackTeam "Pueblo Nuevo"]
[WhiteTeamCountry "ESP"]
[BlackTeamCountry "ESP"]

1. e4 d6 2. d4 Nf6 3. Nc3 e5 4. Nge2 Nbd7 5. g3 g6 6. Bg2 Bg7 7. O-O O-O 8. h3
c6 9. a4 a5 10. Be3 Qc7 11. f4 exf4 12. Nxf4 Re8 13. Qf3 Nf8 14. Rae1 Ne6 15.
Nxe6 Rxe6 16. g4 h5 17. g5 Nh7 18. Ne2 Qe7 19. Qg3 d5 20. e5 Qd8 21. Rf6 Nf8
22. b3 Re7 23. Bc1 Be6 24. Ba3 Re8 25. Ref1 b5 26. Bd6 bxa4 27. bxa4 Nh7 28. c4
Qb6 29. cxd5 cxd5 30. Bc5 Qb2 31. Nf4 Nxf6 32. gxf6 Bh6 33. Nxe6 Rxe6 34. Bxd5
Rae8 35. Bxe6 Rxe6 36. Qd3 Qa2 37. Bd6 Qd5 38. Rd1 Re8 39. Qc3 Bf4 40. Rf1 Qe4
41. Re1 Qd5 42. Qd3 Qa2 43. Qf3 Qh2+ 44. Kf1 Bg3 45. Rc1 Qxh3+ 46. Ke2 Qh2+ 47.
Kd3 h4 48. Qc6 Re6 49. Qc8+ Kh7 50. Qf8 1-0

[Event "Liga Madrileña - DH 2012-2013"]
[Site "Madrid ESP"]
[Date "2012.11.18"]
[Round "1.12"]
[White "Fernandez Lledo, Javier"]
[Black "Almagro Llanas, Pablo"]
[Result "0-1"]
[WhiteElo "2238"]
[BlackElo "2442"]
[PlyCount "104"]
[EventDate "2012.11.18"]
[EventRounds "14"]
[EventCountry "ESP"]
[Source "lmi"]
[SourceDate "2012.11.18"]
[WhiteTeam "Pueblo Nuevo"]
[BlackTeam "Virgen de Atocha"]
[WhiteTeamCountry "ESP"]
[BlackTeamCountry "ESP"]

1. Nf3 Nf6 2. c4 e6 3. e3 c5 4. Nc3 Be7 5. Be2 O-O 6. O-O Nc6 7. b3 d5 8. cxd5
exd5 9. d4 a6 10. Bb2 cxd4 11. Nxd4 Re8 12. Bf3 Ne5 13. h3 Bc5 14. Rc1 Ba7 15.
Rc2 Qd6 16. Nb1 Ne4 17. Bxe4 dxe4 18. Qh5 Nd3 19. Nf5 Bxf5 20. Qxf5 Rad8 21.
Ba3 Qd7 22. Qxd7 Rxd7 23. Nd2 f5 24. Nc4 Re6 25. Nb2 Ne5 26. Rfc1 Nc6 27. Bc5
Bb8 28. Nc4 Kf7 29. Kf1 Rd3 30. Nb6 Rd8 31. Nc4 Rd5 32. Nb6 Rd8 33. Nc4 h5 34.
h4 Rd5 35. Nb6 Rd3 36. Ke2 Re8 37. Rd2 Rxd2+ 38. Kxd2 Ne5 39. Bd4 Nd3 40. Rf1
Nb4 41. a3 Nc6 42. Bc5 Re6 43. Kc2 Ne5 44. Bd4 Ng4 45. Nc4 Bc7 46. Nb2 Bd8 47.
g3 Rc6+ 48. Kd2 Nh2 49. Rd1 Nf3+ 50. Ke2 Rc2+ 51. Kf1 Nxd4 52. Rxd4 Bf6 0-1

[Event "Liga Madrileña - DH 2012-2013"]
[Site "Madrid ESP"]
[Date "2012.11.18"]
[Round "1.13"]
[White "Rubio Mejia, Luis Ignacio"]
[Black "Navarro Nicolas, Victor Manuel"]
[Result "1-0"]
[WhiteElo "2432"]
[BlackElo "2211"]
[PlyCount "97"]
[EventDate "2012.11.18"]
[EventRounds "14"]
[EventCountry "ESP"]
[Source "lmi"]
[SourceDate "2012.11.18"]
[WhiteTeam "Virgen de Atocha"]
[BlackTeam "Pueblo Nuevo"]
[WhiteTeamCountry "ESP"]
[BlackTeamCountry "ESP"]

1. Nf3 Nf6 2. c4 g6 3. Nc3 d5 4. cxd5 Nxd5 5. Qa4+ Bd7 6. Qh4 Bc6 7. g3 Nxc3 8.
bxc3 Bg7 9. Bg2 Qd5 10. O-O Qe4 11. Qxe4 Bxe4 12. Ba3 Nd7 13. d3 Bc6 14. Rfc1
Nb6 15. Rab1 e6 16. c4 O-O-O 17. Ng5 Bxg2 18. Kxg2 Rd7 19. Ne4 c6 20. Bc5 f5
21. Ng5 Bh6 22. h4 Bxg5 23. hxg5 Kc7 24. a4 Nc8 25. Rh1 b6 26. Be3 c5 27. Bf4+
Kc6 28. a5 Re8 29. Be5 Ree7 30. axb6 axb6 31. f4 Rb7 32. Kf2 Na7 33. Ra1 b5 34.
Ra6+ Rb6 35. cxb5+ Kxb5 36. Ra2 Nc6 37. Bf6 Rd7 38. Ra8 Nb4 39. Rh8 Rbb7 40.
Re8 Rb6 41. Be5 Ra6 42. Kf3 Ra3 43. Rc1 c4 44. Rb8+ Ka5 45. Ra8+ Na6 46. Rxc4
Kb5 47. Rc1 Ra2 48. Rb1+ Kc6 49. Rc8+ 1-0

[Event "Liga Madrileña - DH 2012-2013"]
[Site "Madrid ESP"]
[Date "2012.11.18"]
[Round "1.14"]
[White "Barez Menendez, Hector"]
[Black "Rudolf, Anna"]
[Result "0-1"]
[WhiteElo "2163"]
[BlackElo "2322"]
[PlyCount "86"]
[EventDate "2012.11.18"]
[EventRounds "14"]
[EventCountry "ESP"]
[Source "lmi"]
[SourceDate "2012.11.18"]
[WhiteTeam "Pueblo Nuevo"]
[BlackTeam "Virgen de Atocha"]
[WhiteTeamCountry "ESP"]
[BlackTeamCountry "ESP"]

1. d4 d5 2. c4 e6 3. cxd5 exd5 4. Nf3 c6 5. Nc3 Bf5 6. Bg5 Qb6 7. Qd2 h6 8. Bh4
Nd7 9. e3 Ngf6 10. Bd3 Bxd3 11. Qxd3 Qxb2 12. O-O Bb4 13. Na4 Qa3 14. Qc2 O-O
15. Rfd1 b5 16. Nb2 Rac8 17. Rd3 Qa5 18. a4 c5 19. dxc5 Bxc5 20. Qd1 b4 21. Nd4
Qa6 22. a5 Ne4 23. Na4 Ndf6 24. f3 Bxd4 25. Rxd4 Nc3 26. Nxc3 bxc3 27. Bxf6
Qxf6 28. Rc1 Rfe8 29. Qd3 Rc5 30. a6 Qc6 31. Rb4 c2 32. Rb3 g6 33. h3 Rc4 34.
Rb2 Rc8 35. Qd2 Qc5 36. Kh1 Kh7 37. Rb7 Rc7 38. Rxc7 Qxc7 39. Qxd5 Rc3 40. Qa2
Rxe3 41. Kg1 Re2 42. Kf1 Rd2 43. Ke1 Rxg2 0-1

[Event "Liga Madrileña - DH 2012-2013"]
[Site "Madrid ESP"]
[Date "2012.11.18"]
[Round "1.15"]
[White "Fernandez Barrera, Victor"]
[Black "Nunez Reiz, Antonio"]
[Result "1/2-1/2"]
[WhiteElo "2312"]
[BlackElo "2123"]
[PlyCount "137"]
[EventDate "2012.11.18"]
[EventRounds "14"]
[EventCountry "ESP"]
[Source "lmi"]
[SourceDate "2012.11.18"]
[WhiteTeam "Virgen de Atocha"]
[BlackTeam "Pueblo Nuevo"]
[WhiteTeamCountry "ESP"]
[BlackTeamCountry "ESP"]

1. e4 d5 2. exd5 Qxd5 3. Nc3 Qd6 4. d4 Nf6 5. Nf3 c6 6. g3 Bg4 7. Bg2 e6 8. O-O
Be7 9. h3 Bh5 10. Ne2 Na6 11. c3 O-O 12. Qb3 Qc7 13. Nf4 Qb6 14. Nxh5 Nxh5 15.
Ne5 Rad8 16. Be3 Nc7 17. Qxb6 axb6 18. Nc4 Na8 19. a4 Nf6 20. f4 Nd5 21. Bf2
Nac7 22. Rfe1 Bf6 23. Ra3 b5 24. axb5 cxb5 25. Ne5 b4 26. Rb3 bxc3 27. bxc3 b5
28. Bf1 Ra8 29. Rc1 Ra5 30. Nc6 Ra6 31. Nb4 Ra5 32. Nxd5 exd5 33. Rcb1 Rb8 34.
g4 Be7 35. Kg2 Ra2 36. Kf3 Ra3 37. Bg3 Rxb3 38. Rxb3 Bd6 39. Be1 Kf8 40. Bd3 h6
41. h4 g6 42. Bd2 Kg7 43. Rb1 f6 44. Ra1 Rb7 45. h5 g5 46. f5 Kf7 47. Rb1 Ke7
48. c4 dxc4 49. Bxc4 b4 50. Ke4 Nb5 51. Kd3 Na3 52. Re1+ Kd7 53. Bb3 Ra7 54.
Bc1 Nb5 55. Bb2 Nc7 56. Rc1 Ra6 57. Re1 Ra7 58. d5 Be7 59. Rc1 Ra5 60. Ra1 Rxa1
61. Bxa1 Kd6 62. Kd4 Na6 63. Bc4 Nc5 64. Bb2 Nd7 65. Bc1 Bd8 66. Be2 Nb6 67.
Bf3 Nd7 68. Be2 Nb6 69. Bf3 1/2-1/2

[Event "Liga Madrileña - DH 2012-2013"]
[Site "Madrid ESP"]
[Date "2012.11.18"]
[Round "1.16"]
[White "Nieto de la Cruz, Julio"]
[Black "Vazquez Torres, Adrian"]
[Result "1-0"]
[WhiteElo "2111"]
[BlackElo "2205"]
[PlyCount "115"]
[EventDate "2012.11.18"]
[EventRounds "14"]
[EventCountry "ESP"]
[Source "lmi"]
[SourceDate "2012.11.18"]
[WhiteTeam "Pueblo Nuevo"]
[BlackTeam "Virgen de Atocha"]
[WhiteTeamCountry "ESP"]
[BlackTeamCountry "ESP"]

1. Nf3 c5 2. e3 Nf6 3. c4 g6 4. Be2 Bg7 5. O-O O-O 6. a3 d5 7. cxd5 Nxd5 8. Qc2
b6 9. Rd1 e5 10. d3 Nc6 11. b4 Ncxb4 12. axb4 Nxb4 13. Qa4 Bd7 14. Qb3 Be6 15.
Qa4 a6 16. Rd2 b5 17. Qd1 Qc7 18. Bb2 Rfd8 19. Nc3 Nc6 20. Ne4 Na5 21. Nxc5
Qxc5 22. Rxa5 Qb4 23. Ra1 Bb3 24. Qe1 Qe7 25. Rb1 Bd5 26. Rc2 a5 27. Qc1 b4 28.
e4 Ba2 29. Ra1 b3 30. Rc7 Qe8 31. Nd2 a4 32. Nc4 f6 33. Nb6 Rab8 34. Qc4+ Kh8
35. Nxa4 Bh6 36. Nc3 Rdc8 37. Bd1 Rxc7 38. Qxc7 Rc8 39. Qb6 Rc6 40. Qa5 Bd2 41.
Qa4 Bxc3 42. Bxc3 Qc8 43. Bb2 Qb7 44. Qa5 Qd7 45. Qb5 Qe6 46. h3 Rb6 47. Qc5
Qd6 48. Qxd6 Rxd6 49. Be2 Kg7 50. Kf1 Kf7 51. Ke1 Ke6 52. Rc1 h5 53. Kd2 Rb6
54. Rc4 Bb1 55. Bd1 f5 56. exf5+ gxf5 57. Rh4 e4 58. Rxh5 1-0

[Event "Liga Madrileña - DH 2012-2013"]
[Site "Madrid ESP"]
[Date "2012.11.18"]
[Round "1.21"]
[White "Granda Zuniga, Julio E"]
[Black "Moreno Trujillo, Alejandro"]
[Result "1-0"]
[WhiteElo "2651"]
[BlackElo "2509"]
[PlyCount "143"]
[EventDate "2012.11.18"]
[EventRounds "14"]
[EventCountry "ESP"]
[Source "lmi"]
[SourceDate "2012.11.18"]
[WhiteTeam "Collado Villalba"]
[BlackTeam "64 Villalba"]
[WhiteTeamCountry "ESP"]
[BlackTeamCountry "ESP"]

1. Nf3 d5 2. g3 Nf6 3. Bg2 c6 4. d3 Bf5 5. Nbd2 h6 6. b3 e6 7. Bb2 Be7 8. c4
O-O 9. O-O a5 10. a3 Bh7 11. Ra2 Nfd7 12. Qa1 Bf6 13. b4 Na6 14. Rb1 axb4 15.
axb4 Nc7 16. Rxa8 Qxa8 17. Bxf6 Nxf6 18. Qb2 dxc4 19. Nxc4 Nb5 20. Ra1 Qd8 21.
Na3 Nd6 22. Nd2 Nd5 23. Ndc4 Bg6 24. b5 cxb5 25. Nxb5 Nxb5 26. Qxb5 Qf6 27. Ra3
Bh5 28. e4 Qg5 29. Qb2 Nc7 30. h4 Qd8 31. Qxb7 Be2 32. e5 Qb8 33. Nd6 Qxb7 34.
Bxb7 Rb8 35. Be4 Ne8 36. f3 Kf8 37. Kf2 Bd1 38. Ke3 Bb3 39. Kd4 f6 40. f4 Bd1
41. Bg6 fxe5+ 42. fxe5 Nc7 43. Ra1 Bg4 44. Kc5 Nd5 45. Ra4 h5 46. Ra7 Ne7 47.
Be4 Bd1 48. Nc4 Bg4 49. Ne3 Rd8 50. Nxg4 hxg4 51. Ra1 Nd5 52. Rf1+ Ke7 53. Bg6
Rc8+ 54. Kd4 Rf8 55. Rxf8 Kxf8 56. Bh5 Ne7 57. Bxg4 Nc6+ 58. Ke4 Kf7 59. d4 Ne7
60. Be2 Nf5 61. Bg4 Nxg3+ 62. Kf4 Nf1 63. Be2 Nd2 64. Ke3 Nb3 65. Bh5+ Ke7 66.
Kd3 Kd7 67. Bf3 Na5 68. Kc3 Kc7 69. Bg2 Nb7 70. Bxb7 Kxb7 71. Kc4 Kc6 72. h5
1-0

[Event "Liga Madrileña - DH 2012-2013"]
[Site "Madrid ESP"]
[Date "2012.11.18"]
[Round "1.22"]
[White "Bolado Saez, Sergio"]
[Black "Vazquez Igarza, Renier"]
[Result "0-1"]
[WhiteElo "2388"]
[BlackElo "2565"]
[PlyCount "116"]
[EventDate "2012.11.18"]
[EventRounds "14"]
[EventCountry "ESP"]
[Source "lmi"]
[SourceDate "2012.11.18"]
[WhiteTeam "64 Villalba"]
[BlackTeam "Collado Villalba"]
[WhiteTeamCountry "ESP"]
[BlackTeamCountry "ESP"]

1. d4 Nf6 2. Nf3 e6 3. c4 b6 4. g3 Bb7 5. Bg2 Be7 6. O-O O-O 7. d5 exd5 8. Nh4
c6 9. cxd5 Nxd5 10. Nf5 Nc7 11. Bf4 d5 12. e4 Ne6 13. Qg4 Kh8 14. exd5 cxd5 15.
Nc3 Nd7 16. Nd6 Bxd6 17. Bxd6 Re8 18. Rad1 Nf6 19. Qb4 a5 20. Qa3 Qd7 21. Nxd5
Nxd5 22. Bxd5 Ng5 23. h4 Ne4 24. Bxb7 Qxb7 25. Bf4 h6 26. Qf3 Re7 27. Rd4 Rae8
28. Be3 Qc8 29. Rc1 Qh3 30. Qg2 Qf5 31. Rcd1 Qb5 32. Bc1 Nf6 33. Qf1 Qc6 34.
Be3 Re6 35. Rc1 Qf3 36. Rf4 Qd5 37. Qc4 Kg8 38. Rd4 Qb7 39. Qc7 Qf3 40. Rf4 Qd5
41. Qc4 b5 42. Qc5 Re5 43. a3 Qb3 44. Qa7 Qxb2 45. Rc7 Qb1+ 46. Kg2 Qa2 47. Bd4
Qd5+ 48. f3 Re2+ 49. Kh3 Qe6+ 50. g4 Qa2 51. Bg1 Qa1 52. Kg3 Rf8 53. Qd4 Qf1
54. Rxf6 Rg2+ 55. Kf4 gxf6 56. Be3 Qe1 57. Rc6 Qg3+ 58. Ke4 Re8+ 0-1

[Event "Liga Madrileña - DH 2012-2013"]
[Site "Madrid ESP"]
[Date "2012.11.18"]
[Round "1.23"]
[White "Moreno Ruiz, Javier"]
[Black "Renteria Becerra, Jorge Elicer"]
[Result "1-0"]
[WhiteElo "2492"]
[BlackElo "2300"]
[PlyCount "89"]
[EventDate "2012.11.18"]
[EventRounds "14"]
[EventCountry "ESP"]
[Source "lmi"]
[SourceDate "2012.11.18"]
[WhiteTeam "Collado Villalba"]
[BlackTeam "64 Villalba"]
[WhiteTeamCountry "ESP"]
[BlackTeamCountry "ESP"]

1. d4 Nf6 2. c4 c5 3. d5 b5 4. Qc2 bxc4 5. e4 d6 6. Bxc4 g6 7. Nf3 Bg7 8. O-O
O-O 9. Nc3 Ba6 10. Nb5 Nfd7 11. Re1 Ne5 12. Nxe5 Bxe5 13. Bh6 Bg7 14. Bxg7 Kxg7
15. a4 Bxb5 16. axb5 Nd7 17. Ra3 Ne5 18. Be2 Qb6 19. Ra6 Qb7 20. Rea1 f5 21. f4
Nd7 22. Qc3+ Nf6 23. e5 Ne4 24. Qc4 dxe5 25. fxe5 Qc7 26. d6 exd6 27. exd6 Qb7
28. Bf3 Rfb8 29. h4 Qf7 30. Qxf7+ Kxf7 31. b6 Ke6 32. Rxa7 Rxa7 33. bxa7 Ra8
34. Bxe4 fxe4 35. Ra6 Kd7 36. Kf2 Kc8 37. Ke3 Kb7 38. Ra3 Kc6 39. Kxe4 Kxd6 40.
Kf4 h6 41. Ke4 Kc6 42. Ke5 Kb7 43. Kf6 g5 44. h5 Rc8 45. a8=Q+ 1-0

[Event "Liga Madrileña - DH 2012-2013"]
[Site "Madrid ESP"]
[Date "2012.11.18"]
[Round "1.24"]
[White "Lopez del Alamo, Antonio"]
[Black "Reyes Larena, Juan"]
[Result "1/2-1/2"]
[WhiteElo "2241"]
[BlackElo "2441"]
[PlyCount "77"]
[EventDate "2012.11.18"]
[EventRounds "14"]
[EventCountry "ESP"]
[Source "lmi"]
[SourceDate "2012.11.18"]
[WhiteTeam "64 Villalba"]
[BlackTeam "Collado Villalba"]
[WhiteTeamCountry "ESP"]
[BlackTeamCountry "ESP"]

1. e4 e5 2. Bc4 Nf6 3. d3 Nc6 4. Nc3 Na5 5. Nge2 Nxc4 6. dxc4 Bc5 7. f3 d6 8.
Qd3 Be6 9. Bg5 h6 10. Bh4 a6 11. O-O-O g5 12. Bg3 Nd7 13. Kb1 c6 14. h4 b5 15.
cxb5 axb5 16. b3 Rg8 17. hxg5 hxg5 18. Rh6 Qa5 19. Nc1 Qa3 20. Bh2 Bd4 21. Bg1
Nc5 22. Qd2 Bxg1 23. Rxg1 O-O-O 24. Nd3 g4 25. Rd1 gxf3 26. gxf3 Nxd3 27. Qxd3
Rg2 28. Rh4 Qa7 29. a4 Bxb3 30. Nxb5 Ba2+ 31. Kxa2 cxb5 32. Qxb5 Rxc2+ 33. Kb1
Rc7 34. Rc1 Rxc1+ 35. Kxc1 Qg1+ 36. Kb2 Qf2+ 37. Kb1 Qe1+ 38. Ka2 Qf2+ 39. Kb1
1/2-1/2

[Event "Liga Madrileña - DH 2012-2013"]
[Site "Madrid ESP"]
[Date "2012.11.18"]
[Round "1.25"]
[White "Pastor Alonso de Prado, Alberto"]
[Black "Bermejo Arruego, Luis"]
[Result "1-0"]
[WhiteElo "2143"]
[BlackElo "2216"]
[PlyCount "111"]
[EventDate "2012.11.18"]
[EventRounds "14"]
[EventCountry "ESP"]
[Source "lmi"]
[SourceDate "2012.11.18"]
[WhiteTeam "Collado Villalba"]
[BlackTeam "64 Villalba"]
[WhiteTeamCountry "ESP"]
[BlackTeamCountry "ESP"]

1. e4 g6 2. d4 Bg7 3. c3 d5 4. e5 c5 5. h3 Nc6 6. Nf3 f6 7. exf6 Nxf6 8. Bb5
cxd4 9. cxd4 Ne4 10. O-O O-O 11. Bxc6 bxc6 12. Nc3 Qd6 13. Re1 Bf5 14. Be3 Rab8
15. Na4 Bd7 16. Rc1 Rb5 17. b3 h6 18. Nc3 Nxc3 19. Rxc3 g5 20. Bc1 Bf6 21. Ne5
Be8 22. f4 Bxe5 23. Rxe5 gxf4 24. Qg4+ Qg6 25. Qxg6+ Bxg6 26. Rxc6 Be4 27. Rxe7
Rb6 28. Rxb6 axb6 29. Re6 f3 30. gxf3 Rxf3 31. Rxh6 b5 32. Ba3 Rg3+ 33. Kf1 Rg2
34. Bc5 Rxa2 35. h4 Rb2 36. b4 Kg7 37. Rb6 Bd3+ 38. Kg1 Bc4 39. h5 Re2 40. Rg6+
Kf7 41. Rg4 Re6 42. Kf2 Re4 43. Rxe4 dxe4 44. Ke3 Bd5 45. Kf4 Kg7 46. Bd6 Kh6
47. Kg4 Be6+ 48. Kh4 Kg7 49. Kg5 e3 50. h6+ Kh7 51. Kf6 e2 52. Bg3 Bh3 53. d5
Kxh6 54. d6 Kh5 55. Be1 Kh6 56. Ke7 1-0

[Event "Liga Madrileña - DH 2012-2013"]
[Site "Madrid ESP"]
[Date "2012.11.18"]
[Round "1.26"]
[White "Gutierrez Castillo, Oscar"]
[Black "Cao Armillas, Jesus"]
[Result "0-1"]
[WhiteElo "2158"]
[BlackElo "2173"]
[PlyCount "74"]
[EventDate "2012.11.18"]
[EventRounds "14"]
[EventCountry "ESP"]
[Source "lmi"]
[SourceDate "2012.11.18"]
[WhiteTeam "64 Villalba"]
[BlackTeam "Collado Villalba"]
[WhiteTeamCountry "ESP"]
[BlackTeamCountry "ESP"]

1. e4 c5 2. Nf3 d6 3. d4 cxd4 4. Nxd4 Nf6 5. Nc3 a6 6. Bg5 e6 7. f4 Be7 8. Qf3
Qc7 9. O-O-O Nbd7 10. g4 b5 11. Bxf6 Nxf6 12. g5 Nd7 13. f5 Bxg5+ 14. Kb1 Ne5
15. Qh5 Qe7 16. Bh3 g6 17. fxg6 fxg6 18. Qe2 O-O 19. Rhg1 Bf6 20. Qg2 Bd7 21.
Nce2 Nc4 22. Rd3 Rac8 23. Bg4 Ne5 24. Rdd1 Nxg4 25. Qxg4 Rc5 26. h4 Bxh4 27.
Nf3 Bf6 28. Nf4 Bg7 29. Ng5 Rxg5 30. Qxg5 Qxg5 31. Rxg5 Rxf4 32. a4 Bf6 33.
Rgg1 Be5 34. axb5 Bxb5 35. Rge1 Bc6 36. Rd3 Bxe4 37. Rb3 h5 0-1

[Event "Liga Madrileña - DH 2012-2013"]
[Site "Madrid ESP"]
[Date "2012.11.18"]
[Round "1.31"]
[White "Alcazar Jimenez, Victor Manuel"]
[Black "Valles Moreno, Ivan"]
[Result "1/2-1/2"]
[WhiteElo "2373"]
[BlackElo "2382"]
[PlyCount "116"]
[EventDate "2012.11.18"]
[EventRounds "14"]
[EventCountry "ESP"]
[Source "lmi"]
[SourceDate "2012.11.18"]
[WhiteTeam "Blanco y Negro"]
[BlackTeam "Amigos del Retiro"]
[WhiteTeamCountry "ESP"]
[BlackTeamCountry "ESP"]

1. c4 g6 2. Nc3 Bg7 3. g3 d6 4. Bg2 Nc6 5. e3 e5 6. Nge2 h5 7. h4 Bg4 8. d3 a6
9. O-O Nge7 10. Nd5 Rb8 11. Qc2 O-O 12. Rb1 Nxd5 13. cxd5 Ne7 14. b3 Qd7 15.
Kh2 Bxe2 16. Qxe2 c6 17. dxc6 bxc6 18. Bb2 a5 19. Rbd1 f5 20. d4 e4 21. Rc1
Rfe8 22. Rc2 Nd5 23. Ba3 Kh7 24. Rfc1 Rb6 25. Rc4 Bh6 26. Ra4 Ra8 27. Qd2 g5
28. hxg5 Bxg5 29. Rxa5 Rba6 30. b4 Rxa5 31. bxa5 Kg6 32. Bb4 h4 33. g4 h3 34.
Bh1 fxg4 35. Bxe4+ Kh5 36. Bxd5 cxd5 37. Rg1 Bh4 38. Qe2 Qf5 39. Bxd6 Rc8 40.
Bg3 Rc2 41. e4 Bxg3+ 42. Kxg3 Rc3+ 43. Kh2 dxe4 44. Rg3 Qf4 45. a6 Rf3 46. Kg1
Rxg3+ 47. fxg3 Qxg3+ 48. Kh1 Qf3+ 49. Qxf3 gxf3 50. Kg1 e3 51. a7 e2 52. Kf2 h2
53. a8=Q e1=Q+ 54. Kxe1 h1=Q+ 55. Kf2 Qg2+ 56. Ke3 Qg1+ 57. Ke4 Qg4+ 58. Ke3
Qg1+ 1/2-1/2

[Event "Liga Madrileña - DH 2012-2013"]
[Site "Madrid ESP"]
[Date "2012.11.18"]
[Round "1.32"]
[White "Vallejo Diaz, Javier"]
[Black "Alarcia Astriz, Carlos"]
[Result "1-0"]
[WhiteElo "2401"]
[BlackElo "2335"]
[PlyCount "79"]
[EventDate "2012.11.18"]
[EventRounds "14"]
[EventCountry "ESP"]
[Source "lmi"]
[SourceDate "2012.11.18"]
[WhiteTeam "Amigos del Retiro"]
[BlackTeam "Blanco y Negro"]
[WhiteTeamCountry "ESP"]
[BlackTeamCountry "ESP"]

1. e4 c6 2. d4 d5 3. Nd2 dxe4 4. Nxe4 Nf6 5. Ng3 h5 6. h4 Bg4 7. N1e2 Bxe2 8.
Bxe2 Nbd7 9. Bg5 g6 10. Qd2 Bg7 11. O-O-O Qc7 12. Kb1 O-O-O 13. Rhe1 e5 14.
dxe5 Nxe5 15. Qe3 Qa5 16. Ne4 Rxd1+ 17. Rxd1 Nxe4 18. Qxe4 Qb6 19. Be3 c5 20.
c3 Nc6 21. Qc4 Qc7 22. Qxc5 Re8 23. Bf3 Bf8 24. Qc4 Ne5 25. Qa4 Rd8 26. Qxa7
Rxd1+ 27. Bxd1 Be7 28. Qa8+ Kd7 29. Bf4 Bf6 30. g3 Qb6 31. Ba4+ Ke6 32. Qe8+
Kf5 33. Bc2+ Kg4 34. Bxe5 Bxe5 35. Qxf7 Kh3 36. Qf3 Kh2 37. Be4 Kh3 38. Bd3 Kh2
39. Be4 Kh3 40. Qg2+ 1-0

[Event "Liga Madrileña - DH 2012-2013"]
[Site "Madrid ESP"]
[Date "2012.11.18"]
[Round "1.33"]
[White "Alcazar Jimenez, Jesus Alberto"]
[Black "Martin Rueda, Daniel"]
[Result "0-1"]
[WhiteElo "2231"]
[BlackElo "2290"]
[PlyCount "80"]
[EventDate "2012.11.18"]
[EventRounds "14"]
[EventCountry "ESP"]
[Source "lmi"]
[SourceDate "2012.11.18"]
[WhiteTeam "Blanco y Negro"]
[BlackTeam "Amigos del Retiro"]
[WhiteTeamCountry "ESP"]
[BlackTeamCountry "ESP"]

1. d4 d5 2. g3 Nf6 3. Bg2 c5 4. dxc5 Nc6 5. c3 e6 6. b4 a5 7. b5 Na7 8. a4 Bxc5
9. Nf3 O-O 10. Ba3 Ne4 11. O-O b6 12. Nfd2 Bxa3 13. Rxa3 Nxd2 14. Nxd2 Qe7 15.
Qb3 Bb7 16. Raa1 Rac8 17. Rac1 Rc5 18. Rc2 Nc8 19. c4 d4 20. Bxb7 Qxb7 21. Qd3
e5 22. Nb3 Nd6 23. Nxc5 bxc5 24. Qd2 Ne4 25. Qd3 f5 26. f3 Nd6 27. Qd2 Qf7 28.
Rfc1 f4 29. b6 Qg6 30. g4 e4 31. Qxa5 d3 32. exd3 exf3 33. Qxc5 Qxg4+ 34. Kh1
Nf5 35. b7 Re8 36. Rg1 Ng3+ 37. hxg3 fxg3 38. Qd5+ Kh8 39. Rh2 f2 40. Rxf2 Qh3+
0-1

[Event "Liga Madrileña - DH 2012-2013"]
[Site "Madrid ESP"]
[Date "2012.11.18"]
[Round "1.34"]
[White "Perez Gonzalez, Jose Manuel"]
[Black "Garrido Olivares, Ricard"]
[Result "1-0"]
[WhiteElo "2314"]
[BlackElo "2218"]
[PlyCount "51"]
[EventDate "2012.11.18"]
[EventRounds "14"]
[EventCountry "ESP"]
[Source "lmi"]
[SourceDate "2012.11.18"]
[WhiteTeam "Amigos del Retiro"]
[BlackTeam "Blanco y Negro"]
[WhiteTeamCountry "ESP"]
[BlackTeamCountry "ESP"]

1. e4 c6 2. d4 d5 3. e5 Bf5 4. Nc3 e6 5. g4 Bg6 6. Nge2 c5 7. h4 h5 8. Nf4 Bh7
9. Nxh5 Nc6 10. Bb5 Qc7 11. Be3 O-O-O 12. Bxc6 bxc6 13. Rh3 cxd4 14. Qxd4 Bxc2
15. Rc1 c5 16. Qd2 Bf5 17. gxf5 Rxh5 18. Nb5 Qxe5 19. Qa5 Rxf5 20. Qa6+ Kd7 21.
Qb7+ Ke8 22. Nc7+ Kd7 23. Nxd5+ Ke8 24. Nc7+ Ke7 25. Rxc5 Qd6 26. Nb5+ 1-0

[Event "Liga Madrileña - DH 2012-2013"]
[Site "Madrid ESP"]
[Date "2012.11.18"]
[Round "1.35"]
[White "Rivas Vila, David"]
[Black "Fernandez Garcia, Miguel Angel"]
[Result "0-1"]
[WhiteElo "2213"]
[BlackElo "2307"]
[PlyCount "96"]
[EventDate "2012.11.18"]
[EventRounds "14"]
[EventCountry "ESP"]
[Source "lmi"]
[SourceDate "2012.11.18"]
[WhiteTeam "Blanco y Negro"]
[BlackTeam "Amigos del Retiro"]
[WhiteTeamCountry "ESP"]
[BlackTeamCountry "ESP"]

1. e4 Nf6 2. e5 Nd5 3. c4 Nb6 4. d4 d6 5. exd6 exd6 6. Bd3 Be7 7. Ne2 O-O 8.
O-O Nc6 9. Bd2 Bf6 10. Qc2 g6 11. Bc3 Bg4 12. f3 Bd7 13. d5 Ne5 14. b3 Re8 15.
Ng3 Bg7 16. Nd2 f5 17. Rae1 c6 18. dxc6 bxc6 19. f4 Ng4 20. Bxg7 Kxg7 21. Rxe8
Qxe8 22. Qc3+ Kg8 23. Be2 Nh6 24. c5 Nd5 25. Bc4 Be6 26. Bxd5 Bxd5 27. cxd6 Nf7
28. Nc4 Qd7 29. Rd1 Nxd6 30. Ne3 Nb5 31. Qe5 Nc7 32. Ngxf5 gxf5 33. Nxf5 h5 34.
Nh6+ Kh7 35. Qxh5 Qe8 36. Qh4 Qe2 37. Nf5+ Kg6 38. Qg5+ Kf7 39. Qg7+ Ke8 40.
Nd6+ Kd8 41. Nb7+ Kc8 42. Nd6+ Kd8 43. Rf1 Qe6 44. Nb7+ Kc8 45. Nc5 Qe3+ 46.
Kh1 Qxc5 47. f5 Kb7 48. h4 Rg8 0-1

[Event "Liga Madrileña - DH 2012-2013"]
[Site "Madrid ESP"]
[Date "2012.11.18"]
[Round "1.42"]
[White "Gallego Jimenez, Victoriano"]
[Black "Castellanos Vazquez, Jorge"]
[Result "1/2-1/2"]
[WhiteElo "2385"]
[BlackElo "2191"]
[PlyCount "81"]
[EventDate "2012.11.18"]
[EventRounds "14"]
[EventCountry "ESP"]
[Source "lmi"]
[SourceDate "2012.11.18"]
[WhiteTeam "Casa del Ajedrez"]
[BlackTeam "Cafe Comercial"]
[WhiteTeamCountry "ESP"]
[BlackTeamCountry "ESP"]

1. d4 Nf6 2. c4 e6 3. Nf3 c6 4. Nc3 d5 5. e3 Bd6 6. Bd3 a6 7. e4 dxe4 8. Nxe4
Nxe4 9. Bxe4 Nd7 10. O-O Nf6 11. Bc2 c5 12. b3 Qc7 13. dxc5 Bxc5 14. Bb2 Bd7
15. Ne5 Bc6 16. Nxc6 Qxc6 17. Qe2 O-O-O 18. Rad1 Qb6 19. Rxd8+ Rxd8 20. Rd1
Rxd1+ 21. Bxd1 Bd4 22. Bc1 Qa5 23. g3 h6 24. Kg2 Qc3 25. Ba3 Nd7 26. Qf3 Qxf3+
27. Bxf3 a5 28. Kf1 Kc7 29. h3 Nc5 30. Ke2 f5 31. Bc1 b6 32. g4 g5 33. Bd2 Kd6
34. Bg2 f4 35. b4 axb4 36. Bxb4 Ke5 37. Bc6 Bxf2 38. Bxc5 Bxc5 39. Kd3 f3 40.
Bxf3 Kf4 41. Bc6 1/2-1/2

[Event "Liga Madrileña - DH 2012-2013"]
[Site "Madrid ESP"]
[Date "2012.11.18"]
[Round "1.43"]
[White "Bertino, Paolo"]
[Black "Rojo Huerta, Gabriel"]
[Result "1/2-1/2"]
[WhiteElo "2067"]
[BlackElo "2356"]
[PlyCount "32"]
[EventDate "2012.11.18"]
[EventRounds "14"]
[EventCountry "ESP"]
[Source "lmi"]
[SourceDate "2012.11.18"]
[WhiteTeam "Cafe Comercial"]
[BlackTeam "Casa del Ajedrez"]
[WhiteTeamCountry "ESP"]
[BlackTeamCountry "ESP"]

1. d4 Nf6 2. Nf3 g6 3. Bg5 Bg7 4. Nbd2 d5 5. c4 O-O 6. cxd5 Nxd5 7. Rc1 Nc6 8.
e3 Nb6 9. Be2 Qd5 10. Qb3 Qxb3 11. Nxb3 e5 12. dxe5 Nxe5 13. Rxc7 Nd5 14. Rc5
Nxf3+ 15. Bxf3 Nb4 16. O-O Nxa2 1/2-1/2